Official Guide for GMAT/ (Record no. 35755)

MARC details
000 -LEADER
fixed length control field 00376nam a22001457a 4500
005 - DATE AND TIME OF LATEST TRANSACTION
control field 20240513112540.0
008 - FIXED-LENGTH DATA ELEMENTS--GENERAL INFORMATION
fixed length control field 240513b |||||||| |||| 00| 0 eng d
020 ## - INTERNATIONAL STANDARD BOOK NUMBER
ISBN 0-446-39638-9
082 ## - DEWEY DECIMAL CLASSIFICATION NUMBER
Classification number 020
Item number GMA
245 ## - TITLE STATEMENT
Title Official Guide for GMAT/
Remainder of title Review/
250 ## - EDITION STATEMENT
Edition statement 9th ed.
260 ## - PUBLICATION, DISTRIBUTION, ETC.
Place of Publication USA;
Name of publisher, distributor, etc. Educational Testing Service;
Date of publication, distribution, etc. 1998
300 ## - PHYSICAL DESCRIPTION
Pages 514 p.:
300 ## - PHYSICAL DESCRIPTION
-- 27.5 cm.
952 ## - LOCATION AND ITEM INFORMATION (KOHA)
-- 0
-- 0
Holdings
Lost status Damaged status Collection code Permanent Location Current Location Shelving Location Date acquired Full Call Number Accession No./Barcode Date last seen item type Koha item type
    CS/IT Superior Information Resource Center (SIRC) Superior University - City Campus Superior Information Resource Center (SIRC) Superior University - City Campus Computer Science 05/13/2024 020 GMAT 1998 2880 05/13/2024 BOOK BOOK

Powered by Koha